00384nam a2200133Ia 4500100003000000942000700030654001400037245004400051260001600095082001600111546001200127999001700139952009400156 aSadasivan/T.A/ Sarathy/D  cBK amachining aCutting tools for productive machining bWIDIAc1999 a671.53bSAD aENGLISH c26979d26979 001040708CRCaCRCEbCRCEd2023-03-17l0o671.53 SADp13559r2023-03-17w2023-03-17yBK